000 00632nam a2200217Ia 4500
005 20241129104304.0
008 241129s9999||||xx |||||||||||||| ||und||
020 _a9788131612897
037 _aTextual
040 _aRTL
_beng
_cRTL
041 _aeng
_2eng
084 _aY5927.2 R3
_qRTL
100 _aKarade Jagan
_9725625
245 0 _aMarginal communities: Issues and challenges
_cKarade Jagan
260 _aNew Delhi
_bRawat Publications
_c2023
300 _a233p.
365 _aINR
_bRs.1095.00
650 _aMarginal Communities- India
_9725626
942 _cTB
_hY5927.2 R3
999 _c1225240
_d1225240